| 000 | 01475nam a22003614a 4500 | ||
|---|---|---|---|
| 001 | ebr10197233 | ||
| 003 | CaPaEBR | ||
| 006 | m u | ||
| 007 | cr cn||||||||| | ||
| 008 | 050419s2005 gw a sb 001 0 eng | ||
| 010 | _z 2005011291 | ||
| 020 | _z3110184656 (cloth : alk. paper) | ||
| 040 |
_aCaPaEBR _cCaPaEBR |
||
| 035 | _a(OCoLC)191818385 | ||
| 050 | 1 | 4 |
_aP217 _b.C27 2005eb |
| 082 | 0 | 4 |
_a414 _222 |
| 100 | 1 |
_aCalabrese, Andrea, _d1956- |
|
| 245 | 1 | 0 |
_aMarkedness and economy in a derivational model of phonology _h[electronic resource] / _cby Andrea Calabrese. |
| 260 |
_aBerlin ; _aNew York : _bMouton de Gruyter, _cc2005. |
||
| 300 |
_axii, 532 p. : _bill. |
||
| 490 | 1 |
_aStudies in generative grammar ; _v80 |
|
| 504 | _aIncludes bibliographical references (p. [497]-521) and indexes. | ||
| 533 |
_aElectronic reproduction. _bPalo Alto, Calif. : _cebrary, _d2013. _nAvailable via World Wide Web. _nAccess may be limited to ebrary affiliated libraries. |
||
| 650 | 0 |
_aGrammar, Comparative and general _xPhonology. |
|
| 650 | 0 | _aMarkedness (Linguistics) | |
| 650 | 0 | _aEconomy (Linguistics) | |
| 650 | 0 | _aDistinctive features (Linguistics) | |
| 650 | 0 | _aOptimality theory (Linguistics) | |
| 655 | 7 |
_aElectronic books. _2local |
|
| 710 | 2 | _aebrary, Inc. | |
| 830 | 0 |
_aStudies in generative grammar ; _v80. |
|
| 856 | 4 | 0 |
_uhttp://site.ebrary.com/lib/rucke/Doc?id=10197233 _zAn electronic book accessible through the World Wide Web; click to view |
| 999 |
_c218660 _d218660 |
||